| 000 | 00948nam a2200289 a 4500 | ||
|---|---|---|---|
| 001 | 57830 | ||
| 003 | BD-RjUL | ||
| 005 | 20211209080545.0 | ||
| 008 | 161212s1986 ii a b 000 0 eng | ||
| 020 | _a8120401867 | ||
| 020 | _a9231022091 (Unesco) | ||
| 035 | _a(BD-RjUL) 57954 | ||
| 040 |
_aDLC _cDLC _dDLC _dBD-RjUL _beng |
||
| 041 | _aeng | ||
| 082 | 0 | 0 |
_a338.90091724 _223 _bSTR 1986 |
| 245 | 0 | 0 |
_aStrategies for endogenous development / _cHuynh Cao Tri ... [et al.]. |
| 260 |
_aNew Delhi : _bOxford & IBH Pub. Co., _cc1986. |
||
| 300 |
_a304 p. : _bill. ; _c25 cm. |
||
| 500 | _aPublished jointly by Oxford & IBH Pub. Co. and Unesco. | ||
| 504 | _aIncludes bibliographies. | ||
| 650 | 0 |
_aAppropriate technology _zDeveloping countries. _9171745 |
|
| 650 | 0 |
_aSocial policy _9170684 |
|
| 650 | 0 |
_aAcculturation _9171746 |
|
| 651 | 0 |
_aDeveloping countries _xEconomic policy. _9171747 |
|
| 700 | 1 |
_aHuynh, Cao Tri. _9171748 |
|
| 942 |
_2ddc _cBK |
||
| 999 |
_c57830 _d57830 |
||